[Event "World Senior Championship S50+"]
[Site "Katerini"]
[Date "2014.11.02"]
[Round "9.23"]
[White "Ferreira, Alexander"]
[Black "Karatas, Kursat"]
[Result "0-1"]
[WhiteElo "1657"]
[BlackElo "1741"]
[EventDate "2014.10.24"]

1. e4 {[%clk 1:30:57]} e5 {[%clk 1:30:55]} 2. Nf3 {[%clk 1:31:18]} Nc6
{[%clk 1:31:20]} 3. Bc4 {[%clk 1:31:37]} Nf6 {[%clk 1:31:18]} 4. Ng5
{[%clk 1:31:26]} d5 {[%clk 1:31:42]} 5. exd5 {[%clk 1:31:44]} Na5
{[%clk 1:32:05]} 6. Qe2 {[%clk 1:27:12]} Nxc4 {[%clk 1:27:19]} 7. Qxc4
{[%clk 1:27:21]} Qxd5 {[%clk 1:25:01]} 8. Qxd5 {[%clk 1:22:57]} Nxd5
{[%clk 1:25:23]} 9. d3 {[%clk 1:17:16]} h6 {[%clk 1:23:35]} 10. Nf3
{[%clk 1:15:28]} Bd6 {[%clk 1:21:21]} 11. h3 {[%clk 1:08:45]} O-O
{[%clk 1:14:54]} 12. Bd2 {[%clk 1:07:14]} Be6 {[%clk 1:13:49]} 13. a3
{[%clk 1:04:39]} Rfe8 {[%clk 1:08:23]} 14. Nc3 {[%clk 1:02:40]} Nxc3
{[%clk 1:07:25]} 15. Bxc3 {[%clk 1:02:16]} Bd5 {[%clk 1:07:11]} 16. O-O-O
{[%clk 0:59:07]} Re7 {[%clk 0:53:03]} 17. Kb1 {[%clk 0:55:44]} c5
{[%clk 0:49:27]} 18. Rhe1 {[%clk 0:50:38]} Rae8 {[%clk 0:46:17]} 19. Re3
{[%clk 0:41:19]} b5 {[%clk 0:39:58]} 20. b4 {[%clk 0:38:27]} cxb4
{[%clk 0:38:08]} 21. Bxb4 {[%clk 0:38:26]} Bxb4 {[%clk 0:38:16]} 22. axb4
{[%clk 0:38:47]} Kf8 {[%clk 0:36:29]} 23. Ne1 {[%clk 0:35:34]} Rc7
{[%clk 0:33:33]} 24. Kb2 {[%clk 0:34:48]} f6 {[%clk 0:32:48]} 25. f3
{[%clk 0:32:13]} a6 {[%clk 0:30:27]} 26. Ra1 {[%clk 0:31:19]} Bb7
{[%clk 0:30:12]} 27. Re2 {[%clk 0:30:46]} Rec8 {[%clk 0:28:59]} 28. Ra3
{[%clk 0:30:11]} Ra8 {[%clk 0:24:19]} 29. c3 {[%clk 0:27:32]} Rd8
{[%clk 0:23:48]} 30. Rd2 {[%clk 0:26:39]} Rcd7 {[%clk 0:23:31]} 31. Kc2
{[%clk 0:26:14]} Kf7 {[%clk 0:22:08]} 32. Kd1 {[%clk 0:24:59]} Rd6
{[%clk 0:20:52]} 33. Ke2 {[%clk 0:24:31]} f5 {[%clk 0:19:39]} 34. g3
{[%clk 0:22:01]} Bd5 {[%clk 0:18:31]} 35. Ra1 {[%clk 0:20:44]} Bc4
{[%clk 0:15:54]} 36. Rad1 {[%clk 0:20:31]} Bb3 {[%clk 0:15:29]} 37. Nc2
{[%clk 0:20:35]} g5 {[%clk 0:14:17]} 38. Ra1 {[%clk 0:17:04]} Rc8
{[%clk 0:10:48]} 39. Ne3 {[%clk 0:10:28]} f4 {[%clk 0:04:22]} 40. Nf5
{[%clk 0:40:11]} Rf6 {[%clk 0:33:52]} 41. g4 {[%clk 0:38:59]} Rxc3
{[%clk 0:33:45]} 42. Rh1 {[%clk 0:37:11]} Be6 {[%clk 0:32:39]} 43. Nd6+
{[%clk 0:36:53]} Ke7 {[%clk 0:31:24]} 44. Ne4 {[%clk 0:36:54]} Rb3
{[%clk 0:31:09]} 45. Nxf6 {[%clk 0:36:30]} Kxf6 {[%clk 0:31:17]} 46. Ra2
{[%clk 0:35:05]} Rxb4 {[%clk 0:30:21]} 47. Rc2 {[%clk 0:33:12]} a5
{[%clk 0:30:16]} 48. h4 {[%clk 0:31:45]} a4 {[%clk 0:22:58]} 49. hxg5+
{[%clk 0:31:53]} hxg5 {[%clk 0:23:10]} 50. Rh6+ {[%clk 0:30:31]} Ke7
{[%clk 0:23:27]} 51. Rh7+ {[%clk 0:25:29]} Kd6 {[%clk 0:22:43]} 52. Ra7
{[%clk 0:21:57]} Rb3 {[%clk 0:21:36]} 53. Ra6+ {[%clk 0:20:39]} Kd7
{[%clk 0:20:43]} 54. Rcc6 {[%clk 0:19:18]} Rb2+ {[%clk 0:18:57]} 55. Ke1
{[%clk 0:19:11]} a3 {[%clk 0:17:16]} 56. Rxe6 {[%clk 0:18:36]} a2
{[%clk 0:17:25]} 57. Rxa2 {[%clk 0:17:27]} Rxa2 {[%clk 0:17:28]} 58. Rxe5
{[%clk 0:17:49]} b4 {[%clk 0:17:10]} 59. Kd1 {[%clk 0:14:04]} b3 {[%clk 0:16:22]}
60. Kc1 {[%clk 0:13:49]} Rf2 {[%clk 0:15:36]} 61. Rxg5 {[%clk 0:13:04]} Rxf3
{[%clk 0:15:07]} 62. Rf5 {[%clk 0:11:59]} Rf2 {[%clk 0:13:16]} 63. g5
{[%clk 0:09:43]} Ke6 {[%clk 0:13:09]} 64. Rb5 {[%clk 0:06:48]} b2+
{[%clk 0:13:02]} 65. Kb1 {[%clk 0:07:08]} Rg2 {[%clk 0:11:55]} 66. d4
{[%clk 0:07:07]} f3 {[%clk 0:11:55]} 67. Re5+ {[%clk 0:06:00]} Kd6
{[%clk 0:11:51]} 68. Rf5 {[%clk 0:05:35]} f2 {[%clk 0:11:54]} 69. Rf6+
{[%clk 0:03:49]} Ke7 {[%clk 0:11:59]} *

[Event "World Senior Championship S50+"]
[Site "Katerini"]
[Date "2014.11.04"]
[Round "11.22"]
[White "Patola, Eero"]
[Black "Ferreira, Alexander"]
[Result "1-0"]
[WhiteElo "1857"]
[BlackElo "1657"]
[EventDate "2014.10.24"]

1. e4 {[%clk 1:25:47]} e5 {[%clk 1:30:51]} 2. c4 {[%clk 1:26:11]} c5
{[%clk 1:31:03]} 3. Nc3 {[%clk 1:26:20]} Nf6 {[%clk 1:30:26]} 4. g3
{[%clk 1:26:33]} Nc6 {[%clk 1:28:44]} 5. Bg2 {[%clk 1:26:42]} d6 {[%clk 1:27:25]}
6. h3 {[%clk 1:26:50]} g6 {[%clk 1:26:10]} 7. d3 {[%clk 1:27:00]} Bg7
{[%clk 1:23:23]} 8. Nge2 {[%clk 1:27:23]} h6 {[%clk 1:20:55]} 9. O-O
{[%clk 1:27:19]} Be6 {[%clk 1:15:05]} 10. Rb1 {[%clk 1:18:45]} a6
{[%clk 1:07:30]} 11. a3 {[%clk 1:18:37]} Nd4 {[%clk 0:59:15]} 12. Nxd4
{[%clk 1:17:04]} cxd4 {[%clk 0:59:18]} 13. Ne2 {[%clk 1:17:26]} Rc8
{[%clk 0:55:06]} 14. f4 {[%clk 1:16:55]} Bd7 {[%clk 0:53:00]} 15. g4
{[%clk 1:09:44]} Rc7 {[%clk 0:47:08]} 16. Ng3 {[%clk 1:09:00]} b5
{[%clk 0:44:29]} 17. b3 {[%clk 1:07:15]} Rb7 {[%clk 0:42:23]} 18. Bd2
{[%clk 1:06:42]} Bf8 {[%clk 0:36:08]} 19. Qe1 {[%clk 1:04:01]} Ng8
{[%clk 0:33:32]} 20. Qf2 {[%clk 0:57:18]} Qf6 {[%clk 0:30:38]} 21. Qe2 Qd8
{[%clk 0:30:03]} 22. Qf3 {[%clk 0:43:57]} f6 {[%clk 0:28:04]} 23. h4
{[%clk 0:41:20]} Bg7 {[%clk 0:24:33]} 24. h5 {[%clk 0:38:54]} Qc8
{[%clk 0:22:49]} 25. Bh3 {[%clk 0:36:36]} g5 {[%clk 0:17:49]} 26. fxg5
{[%clk 0:35:29]} hxg5 {[%clk 0:17:52]} 27. Bxg5 {[%clk 0:34:28]} Be6
{[%clk 0:14:51]} 28. Bd2 {[%clk 0:33:39]} Rf7 {[%clk 0:11:59]} 29. Nf5
{[%clk 0:33:00]} Bf8 {[%clk 0:10:01]} 30. Bb4 {[%clk 0:30:36]} Bxf5
{[%clk 0:09:30]} 31. exf5 {[%clk 0:29:21]} Be7 {[%clk 0:07:05]} 32. cxb5
{[%clk 0:28:33]} axb5 {[%clk 0:07:12]} 33. Rbc1 {[%clk 0:28:06]} Qd7
{[%clk 0:06:56]} 34. Bg2 {[%clk 0:22:14]} Bd8 {[%clk 0:06:28]} 35. Kf2
{[%clk 0:17:30]} Ne7 {[%clk 0:06:07]} 36. Qh3 {[%clk 0:16:10]} O-O
{[%clk 0:05:45]} 37. Ke2 {[%clk 0:13:44]} Kh8 {[%clk 0:04:36]} 38. Rc2
{[%clk 0:10:26]} d5 {[%clk 0:04:32]} 39. Rfc1 {[%clk 0:07:54]} Re8
{[%clk 0:04:12]} 40. Qf3 {[%clk 0:35:24]} e4 {[%clk 0:34:12]} 41. Qf4
{[%clk 0:33:52]} Ng8 {[%clk 0:32:41]} 42. Rc6 {[%clk 0:25:41]} exd3+
{[%clk 0:31:12]} 43. Kd1 {[%clk 0:24:52]} Re2 {[%clk 0:23:35]} 44. Bf3
{[%clk 0:23:48]} Qa7 {[%clk 0:20:18]} 45. Bxd5 {[%clk 0:19:42]} Ba5
{[%clk 0:18:39]} 46. Rc8 {[%clk 0:14:16]} Kg7 {[%clk 0:10:03]} 47. Bxf7
{[%clk 0:09:12]} Kxf7 {[%clk 0:04:40]} 48. R1c7+ {[%clk 0:08:39]} Bxc7
{[%clk 0:03:22]} 49. Rxc7+ {[%clk 0:08:29]} Qxc7 {[%clk 0:03:45]} 50. Qxc7+
{[%clk 0:08:51]} Re7 {[%clk 0:02:40]} 51. Bxe7 {[%clk 0:08:56]} Nxe7
{[%clk 0:02:46]} 52. Kd2 {[%clk 0:08:52]} Kg8 {[%clk 0:02:26]} 53. Qxe7
{[%clk 0:08:50]} b4 {[%clk 0:02:42]} 54. h6 {[%clk 0:08:57]} Kf7 55. Qc7+ 1-0